[Event "GER-ch52 final email"]
[Site "GER email"]
[Date "2022.04.15"]
[Round "?"]
[White "Bars, Joachim"]
[Black "Schumacher, Frank"]
[Result "1/2-1/2"]
[WhiteElo "2417"]
[BlackElo "2352"]
[PlyCount "78"]
[EventDate "2022.??.??"]
[EventType "tourn (corr)"]
[EventRounds "14"]
[EventCountry "GER"]
[SourceTitle "Corr 2024"]
[Source "ChessBase"]
[SourceDate "2023.10.19"]
[SourceVersion "1"]
[SourceVersionDate "2023.10.19"]
[SourceQuality "1"]

1. d4 Nf6 2. c4 e6 3. Nf3 d5 4. Nc3 c6 5. Bg5 h6 6. Bh4 dxc4 7. e4 g5 8. Bg3 b5 9. Be2 Bb7 10. 0-0 Nbd7 11. Ne5 Bg7 12. Nxd7 Nxd7 13. Bd6 a6 14. a4 b4 15. Bxb4 Qb6 16. Ba3 Qxd4 17. Qc2 c5 18. Rad1 Qe5 19. Bxc4 Qc7 20. Ne2 Be5 21. Kh1 0-0 22. b3 Nf6 23. Bd3 Rfd8 24. f3 Rac8 25. Bb2 Rd7 26. Bc4 Rcd8 27. Bxe5 Qxe5 28. Rxd7 Rxd7 29. Nc1 g4 30. Nd3 Qd4 31. Qc1 gxf3 32. gxf3 Kh7 33. Nf2 Nxe4 34. Bd3 f5 35. Bxe4 fxe4 36. Rd1 Qg7 37. Rxd7 Qxd7 38. Qc2 Qf7 39. fxe4 Qg6 1/2-1/2

[Event "GER-ch52 final email"]
[Site "GER email"]
[Date "2022.04.15"]
[Round "?"]
[White "Jung, Reiner"]
[Black "Schumacher, Frank"]
[Result "0-1"]
[WhiteElo "2380"]
[BlackElo "2352"]
[PlyCount "30"]
[EventDate "2022.??.??"]
[EventType "tourn (corr)"]
[EventRounds "14"]
[EventCountry "GER"]
[SourceTitle "Corr 2024"]
[Source "ChessBase"]
[SourceDate "2023.10.19"]
[SourceVersion "1"]
[SourceVersionDate "2023.10.19"]
[SourceQuality "1"]

1. d4 Nf6 2. Bf4 g6 3. Nf3 Bg7 4. e3 0-0 5. Nbd2 d6 6. h3 c5 7. c3 cxd4 8. exd4 Nc6 9. Be2 e5 10. dxe5 dxe5 11. Nxe5 Nd5 12. Nxc6 bxc6 13. Bg3 Re8 14. 0-0 Bxc3 15. Qc1 Rxe2 0-1

[Event "GER-ch52 final email"]
[Site "GER email"]
[Date "2022.04.15"]
[Round "?"]
[White "Schumacher, Frank"]
[Black "Egner, Michael"]
[Result "1/2-1/2"]
[WhiteElo "2352"]
[BlackElo "2334"]
[PlyCount "79"]
[EventDate "2022.??.??"]
[EventType "tourn (corr)"]
[EventRounds "14"]
[EventCountry "GER"]
[SourceTitle "Corr 2024"]
[Source "ChessBase"]
[SourceDate "2023.10.19"]
[SourceVersion "1"]
[SourceVersionDate "2023.10.19"]
[SourceQuality "1"]

1. e4 c5 2. Nf3 d6 3. d4 cxd4 4. Nxd4 Nf6 5. Nc3 g6 6. Be3 Bg7 7. f3 0-0 8. Qd2 Nc6 9. Bc4 Bd7 10. 0-0-0 Rc8 11. Bb3 Nxd4 12. Bxd4 b5 13. Nd5 Nxd5 14. Bxg7 Kxg7 15. exd5 a5 16. a3 Kg8 17. Rhe1 Rc5 18. Re3 b4 19. axb4 axb4 20. Qxb4 Qa8 21. Bc4 Bf5 22. Ra3 Qc8 23. b3 Qc7 24. Qd2 Rc8 25. g4 Bd7 26. Ra2 Bb5 27. Bxb5 Rxb5 28. Kb1 Qc3 29. Qd3 Rb4 30. Ra6 Kg7 31. Rd2 g5 32. Qxc3+ Rxc3 33. Rf2 Rb5 34. Kb2 Re3 35. Ra4 Rxd5 36. Re4 Rxe4 37. fxe4 Rd4 38. Re2 Kf6 39. Kc3 Ke5 40. b4 1/2-1/2

[Event "GER-ch52 final email"]
[Site "GER email"]
[Date "2022.04.15"]
[Round "?"]
[White "Schumacher, Frank"]
[Black "Ketelhoehn, Bernd"]
[Result "1/2-1/2"]
[WhiteElo "2352"]
[BlackElo "2370"]
[PlyCount "79"]
[EventDate "2022.??.??"]
[EventType "tourn (corr)"]
[EventRounds "14"]
[EventCountry "GER"]
[SourceTitle "Corr 2024"]
[Source "ChessBase"]
[SourceDate "2023.10.19"]
[SourceVersion "1"]
[SourceVersionDate "2023.10.19"]
[SourceQuality "1"]

1. e4 c5 2. Nf3 Nc6 3. d4 cxd4 4. Nxd4 Nf6 5. Nc3 e5 6. Ndb5 d6 7. Bg5 a6 8. Na3 b5 9. Nd5 Be7 10. Bxf6 Bxf6 11. c3 Ne7 12. Nxf6+ gxf6 13. Bd3 d5 14. Qe2 dxe4 15. Bxe4 Rb8 16. 0-0 f5 17. Rad1 Qc7 18. Bb1 0-0 19. Nc2 Rb6 20. Ne3 e4 21. g3 Re8 22. Qd2 f4 23. Ng2 e3 24. Qe2 Bh3 25. fxe3 fxg3 26. hxg3 Qxg3 27. Rf3 Qxg2+ 28. Qxg2+ Bxg2 29. Kxg2 Ng6 30. Kf2 Kg7 31. Ke2 h6 32. Bxg6 Rxg6 33. Rd7 Rg2+ 34. Kd3 Rf8 35. Rd6 Rxb2 36. Rg3+ Kh7 37. Rh3 Rxa2 38. Rhxh6+ Kg7 39. Rxa6 Rxa6 40. Rxa6 1/2-1/2

[Event "GER CM06-C email"]
[Site "GER email"]
[Date "2019.06.19"]
[Round "?"]
[White "Enkalo, Mykola"]
[Black "Schumacher, Frank"]
[Result "1-0"]
[WhiteElo "2372"]
[BlackElo "2358"]
[PlyCount "91"]
[EventDate "2019.??.??"]
[EventType "tourn (corr)"]
[EventRounds "13"]
[EventCountry "GER"]
[SourceTitle "Corr 2024"]
[Source "ChessBase"]
[SourceDate "2023.10.19"]
[SourceVersion "1"]
[SourceVersionDate "2023.10.19"]
[SourceQuality "1"]

1. d4 Nf6 2. c4 e6 3. Nf3 d5 4. Nc3 c6 5. Bg5 h6 6. Bh4 dxc4 7. e4 g5 8. Bg3 b5 9. Be2 Bb7 10. h4 g4 11. Ne5 Nbd7 12. Nxd7 Qxd7 13. Be5 Qe7 14. b3 Rg8 15. Qc2 Nd7 16. Bg3 b4 17. Na4 c3 18. a3 a5 19. 0-0 h5 20. e5 Rg7 21. Rfd1 Qd8 22. Nc5 Qb6 23. axb4 axb4 24. Rxa8+ Bxa8 25. Ra1 Bb7 26. Nxb7 Qxb7 27. Bd3 Rg8 28. Bf4 Be7 29. g3 Rh8 30. Ra6 Nb8 31. Ra5 Bd8 32. Ra4 Kf8 33. Qc1 Nd7 34. Be4 Kg7 35. Bg5 Bxg5 36. Qxg5+ Kf8 37. Kg2 Rg8 38. Qxh5 Ke7 39. Qh6 Qb6 40. Qe3 c5 41. d5 exd5 42. Bxd5 Rg7 43. Ra2 c4 44. Qe4 cxb3 45. Bxb3 Qc5 46. Ra8 1-0

[Event "GER CM06-C email"]
[Site "GER email"]
[Date "2019.06.19"]
[Round "?"]
[White "Zorr, Steffen"]
[Black "Schumacher, Frank"]
[Result "1/2-1/2"]
[WhiteElo "2345"]
[BlackElo "2358"]
[PlyCount "44"]
[EventDate "2019.??.??"]
[EventType "tourn (corr)"]
[EventRounds "13"]
[EventCountry "GER"]
[SourceTitle "Corr 2024"]
[Source "ChessBase"]
[SourceDate "2023.10.19"]
[SourceVersion "1"]
[SourceVersionDate "2023.10.19"]
[SourceQuality "1"]

1. d4 d5 2. c4 c6 3. Nf3 Nf6 4. Nc3 e6 5. e3 Nbd7 6. Qc2 Bd6 7. Bd3 0-0 8. 0-0 dxc4 9. Bxc4 b5 10. Bd3 Bb7 11. e4 e5 12. h3 exd4 13. Nxd4 Nc5 14. Rd1 Qc7 15. Bg5 Bh2+ 16. Kh1 Be5 17. Nf3 h6 18. Bh4 Bxc3 19. bxc3 Nh5 20. Nd4 Rfe8 21. f3 Ng3+ 22. Kg1 Qf4 1/2-1/2

[Event "GER-ch51 V02 email"]
[Site "GER email"]
[Date "2019.04.14"]
[Round "?"]
[White "Lukas, Norbert"]
[Black "Schumacher, Frank"]
[Result "1/2-1/2"]
[WhiteElo "2377"]
[BlackElo "2358"]
[PlyCount "47"]
[EventDate "2019.??.??"]
[EventType "tourn (corr)"]
[EventRounds "10"]
[EventCountry "GER"]
[SourceTitle "Corr 2022"]
[Source "ChessBase"]
[SourceDate "2021.10.24"]
[SourceVersion "1"]
[SourceVersionDate "2021.10.24"]
[SourceQuality "1"]

1. e4 e5 2. Nf3 Nc6 3. Bc4 Nf6 4. Ng5 d5 5. exd5 Na5 6. Bb5+ c6 7. dxc6 bxc6 8. Bd3 Nd5 9. Nf3 Bd6 10. 0-0 Nf4 11. Re1 Nxd3 12. cxd3 0-0 13. Nxe5 Re8 14. d4 c5 15. d3 cxd4 16. Nf3 Rxe1+ 17. Qxe1 Bf5 18. Nxd4 Bxd3 19. Nf3 h6 20. Nc3 Qd7 21. b3 Nc6 22. Be3 Rd8 23. Rd1 Bb4 24. Bc1 1/2-1/2

[Event "GER-ch51 V02 email"]
[Site "GER email"]
[Date "2019.04.14"]
[Round "?"]
[White "Schumacher, Frank"]
[Black "Marten, Gero"]
[Result "1/2-1/2"]
[WhiteElo "2358"]
[BlackElo "2330"]
[PlyCount "69"]
[EventDate "2019.??.??"]
[EventType "tourn (corr)"]
[EventRounds "10"]
[EventCountry "GER"]
[SourceTitle "Corr 2022"]
[Source "ChessBase"]
[SourceDate "2021.10.24"]
[SourceVersion "1"]
[SourceVersionDate "2021.10.24"]
[SourceQuality "1"]

1. e4 c5 2. Nf3 Nc6 3. d4 cxd4 4. Nxd4 Nf6 5. Nc3 e5 6. Ndb5 d6 7. Bg5 a6 8. Na3 b5 9. Nd5 Be7 10. Bxf6 Bxf6 11. c3 0-0 12. Nc2 Bg5 13. h4 Bh6 14. g4 Bf4 15. Qf3 Be6 16. Nxf4 exf4 17. Qxf4 Ne5 18. Qg3 Bxg4 19. Nd4 Bh5 20. f4 Nd7 21. Bg2 Qc7 22. 0-0 Rae8 23. Rae1 Kh8 24. a3 Rg8 25. Re3 h6 26. Rfe1 Nf6 27. Kh1 g6 28. Bh3 d5 29. e5 Ne4 30. Qh2 Qe7 31. Bf1 Bg4 32. Bd3 Bc8 33. Bc2 f6 34. Bb3 Bb7 35. Rxe4 1/2-1/2